[Event "Est ch 2020 G16"]
[Site "Narva"]
[Date "2020.02.29"]
[Round "6.6"]
[White "Grigorjeva, Vera"]
[Black "Hannus, Lola"]
[Result "0-1"]
[WhiteElo "1000"]
[BlackElo "1295"]
[PlyCount "62"]
[EventDate "2020.02.27"]
[EventCountry "EST"]
[SourceVersionDate "2020.03.19"]

1. e4 c5 2. Nf3 Nc6 3. Nc3 e6 4. d3 h6 5. Be2 d6 6. O-O Nf6 7. Bd2 Be7 8. h3
O-O 9. a3 d5 10. e5 Nd7 11. Bf4 f6 12. exf6 Bxf6 13. Rb1 Bxc3 14. bxc3 Rxf4 15.
d4 cxd4 16. cxd4 Rf8 17. c4 Nf6 18. cxd5 exd5 19. Rc1 Qe8 20. Qd3 Ne4 21. Rfe1
Qg6 22. Ne5 Nxe5 23. dxe5 Be6 24. Bf3 Rxf3 25. Qxf3 Rf8 26. Qe3 Rxf2 27. g4
Bxg4 28. Kh1 Bf3+ 29. Qxf3 Rxf3 30. Rg1 Nf2+ 31. Kh2 Rxh3# 0-1

[Event "Est ch 2020 G16"]
[Site "Narva"]
[Date "2020.03.01"]
[Round "7.1"]
[White "Poluektova, Arina"]
[Black "Barkasheva, Sofia"]
[Result "0-1"]
[WhiteElo "1224"]
[BlackElo "1422"]
[PlyCount "90"]
[EventDate "2020.02.27"]
[EventCountry "EST"]
[SourceVersionDate "2020.03.19"]

1. e4 c5 2. Nf3 e6 3. d4 cxd4 4. Nxd4 a6 5. Nc3 Qc7 6. Bd3 b5 7. a3 Bb7 8. Bd2
Nf6 9. b4 Be7 10. O-O Nc6 11. Nb3 Ne5 12. Na5 d5 13. Nxb7 Qxb7 14. exd5 Nxd3
15. cxd3 Nxd5 16. Qe2 O-O 17. Nxd5 Qxd5 18. Bc3 Rac8 19. Qe5 Qxe5 20. Bxe5 Bf6
21. Bxf6 gxf6 22. Rac1 Rfd8 23. g3 Rxc1 24. Rxc1 Rxd3 25. Ra1 Rb3 26. Ra2 Kf8
27. Kf1 Ke7 28. Ke1 Kd6 29. f4 Kd5 30. Rd2+ Kc4 31. Rd7 Rxa3 32. Rxf7 Kxb4 33.
Rxf6 Kb3 34. Rxe6 b4 35. f5 Ra5 36. f6 Kb2 37. f7 Rf5 38. Re2+ Ka1 39. Rf2 Rxf7
40. Rxf7 b3 41. Rxh7 (41. Ra7 b2 42. Rxa6+ Kb1 43. Kd2 h5 44. Rb6 Ka2 45. Kc2)
41... b2 42. Rb7 a5 43. h4 (43. Kd2 a4 44. Ra7 b1=Q 45. Rxa4+ Kb2 46. Rb4+)
43... a4 44. h5 a3 45. h6 a2 0-1

[Event "Est ch 2020 G16"]
[Site "Narva"]
[Date "2020.03.01"]
[Round "7.2"]
[White "Rogaten, Varvara"]
[Black "Blohhin, Sofia"]
[Result "0-1"]
[WhiteElo "1439"]
[BlackElo "1824"]
[PlyCount "94"]
[EventDate "2020.02.27"]
[EventCountry "EST"]
[SourceVersionDate "2020.03.19"]

1. e4 c5 2. Nf3 e6 3. c3 Nc6 4. d4 d5 5. e5 Qb6 6. a3 a5 7. Be2 cxd4 8. cxd4
Nge7 9. b3 Nf5 10. Bb2 Be7 11. O-O O-O 12. Qd3 f6 13. Rd1 fxe5 14. Nxe5 Nxe5
15. dxe5 Bc5 16. Rf1 Bd7 17. Nd2 Nd4 18. Rac1 Nxe2+ 19. Qxe2 Bb5 20. Qg4 Bxf1
21. Rxf1 Rxf2 22. Rxf2 Bxf2+ 23. Kh1 Rc8 24. Qh5 Qe3 25. Qd1 Qe1+ 26. Qxe1 Bxe1
27. Nf3 Bc3 28. Bc1 Bxe5 29. Be3 Bf6 30. h3 Rc3 31. Bd2 Rxb3 32. Bxa5 Rxa3 33.
Bb4 Ra1+ 34. Kh2 Rb1 35. Bd6 d4 36. Nd2 Rd1 37. Nc4 b5 38. Nb2 Rd2 39. Ba3 b4
40. Nc4 bxa3 41. Nxd2 a2 42. Nb3 d3 43. Nc5 Be5+ 44. g3 d2 45. Nd3 d1=Q 46.
Nxe5 Qe2+ 47. Kg1 a1=Q# 0-1

[Event "Est ch 2020 G16"]
[Site "Narva"]
[Date "2020.03.01"]
[Round "7.3"]
[White "Rubina, Mari"]
[Black "Levchenko, Marina"]
[Result "0-1"]
[WhiteElo "1292"]
[BlackElo "1360"]
[PlyCount "136"]
[EventDate "2020.02.27"]
[EventCountry "EST"]
[SourceVersionDate "2020.03.19"]

1. d4 Nf6 2. Bf4 g6 3. e3 Bg7 4. c3 O-O 5. Nf3 d6 6. Be2 Nbd7 7. Nbd2 Qe8 8. h4
e5 9. dxe5 dxe5 10. Bh2 Qe7 11. O-O Re8 12. e4 a6 13. Re1 b5 14. a3 Bb7 15. Bd3
Rad8 16. Qc2 Ng4 17. Bg3 f6 18. Rad1 Nh6 19. h5 g5 20. Nh2 Nc5 21. Be2 Ne6 22.
Ng4 Nxg4 23. Bxg4 Kh8 24. Nf1 Nc5 25. Bf3 Bc8 26. Ne3 Be6 27. Qb1 Bb3 28. Nf5
Qf8 29. Rxd8 Rxd8 30. Re3 Rd7 31. Bg4 Rd8 32. Bh2 Qf7 33. h6 Bf8 34. Bg3 Qg6
35. Bh2 Bxh6 36. Rh3 Bf8 37. Ne3 Qf7 38. Bf5 h6 39. Bg3 Be6 40. Ng4 Bxf5 41.
exf5 h5 42. Bxe5 Bg7 43. Bxf6 Bxf6 44. Nxf6 Qxf6 45. Rxh5+ Kg8 46. Qa2+ Kg7 47.
Qb1 Nd3 48. Qc2 Qxf5 49. Qe2 Qxf2+ 50. Qxf2 Nxf2 51. Kxf2 Kg6 52. g4 Rd2+ 53.
Ke3 Rxb2 54. Rh8 Rb3 55. Kd4 c5+ 56. Kxc5 Rxc3+ 57. Kb4 Rc4+ 58. Ka5 Ra4+ 59.
Kb6 Rxa3 60. Rc8 b4 61. Rc1 a5 62. Rc6+ Kf7 63. Rc7+ Ke6 64. Rc5 b3 65. Rc3 b2
66. Rc6+ Ke5 67. Rc5+ Kd4 68. Kc6 b1=Q 0-1

[Event "Est ch 2020 G16"]
[Site "Narva"]
[Date "2020.03.01"]
[Round "7.4"]
[White "Hannus, Lola"]
[Black "Rudnik, Viktoria"]
[Result "1/2-1/2"]
[WhiteElo "1295"]
[BlackElo "1456"]
[PlyCount "92"]
[EventDate "2020.02.27"]
[EventCountry "EST"]
[SourceVersionDate "2020.03.19"]

1. e4 d6 2. Nf3 Bg4 3. h3 Bh5 4. d3 e5 5. g4 Bg6 6. Bg2 Nc6 7. O-O Nf6 8. Nc3
Be7 9. Re1 O-O 10. d4 Re8 11. d5 Nb8 12. Nh2 h6 13. g5 hxg5 14. Bxg5 Nxe4 15.
Bxe7 Nxc3 16. Bxd8 Nxd1 17. Bxc7 Nxb2 18. Bxd6 Nc4 19. Bb4 Na6 20. a3 e4 21.
Bf1 Nxb4 22. axb4 Nd2 23. Be2 Red8 24. c4 a6 25. Red1 e3 26. fxe3 Ne4 27. Bf3
b6 28. Ng4 f6 29. Kh2 Rd6 30. h4 Bf5 31. Rg1 Bxg4 32. Bxg4 Nd2 33. Be2 Ne4 34.
Raf1 Re8 35. Rf4 Nc3 36. Bg4 Rxe3 37. Ra1 b5 38. Be6+ Kf8 39. c5 Rd8 40. Rxa6
Nxd5 41. Rd4 Re5 42. Bxd5 Rexd5 43. Rxd5 Rxd5 44. Rb6 Rd4 45. Rxb5 Rxh4+ 46.
Kg3 Rc4 1/2-1/2

[Event "Est ch 2020 G16"]
[Site "Narva"]
[Date "2020.03.01"]
[Round "7.5"]
[White "Smirnova, Jekaterina"]
[Black "Grigorjeva, Vera"]
[Result "1-0"]
[WhiteElo "1439"]
[BlackElo "1000"]
[PlyCount "135"]
[EventDate "2020.02.27"]
[EventCountry "EST"]
[SourceVersionDate "2020.03.19"]

1. c4 e5 2. Nc3 Nf6 3. Nf3 Nc6 4. e3 Be7 5. Be2 d6 6. d3 O-O 7. O-O Be6 8. e4
Nd4 9. Nxd4 exd4 10. Nd5 Qd7 11. Nxe7+ Qxe7 12. b4 b6 13. a4 c5 14. b5 Qd7 15.
a5 bxa5 16. Rxa5 Qc7 17. Ra1 Qb6 18. Ra6 Qb7 19. Rxd6 a6 20. Rxa6 Rxa6 21. bxa6
Qxa6 22. Bg5 Bd7 23. Qa1 Qc6 24. Bxf6 Qxf6 25. Qa7 Qc6 26. Ra1 Be6 27. Ra6 Qc8
28. Ra5 Qc6 29. Rxc5 Qd6 30. Ra5 Rb8 31. Rb5 Rc8 32. Qb6 Qa3 33. Qxd4 Ra8 34.
f3 h6 35. Qb2 Qa6 36. Rb8+ Rxb8 37. Qxb8+ Kh7 38. Qc7 Qa2 39. Kf2 Qb2 40. Qc5
Qb7 41. d4 Qb8 42. d5 Bd7 43. g3 f5 44. e5 Qxe5 45. Qe3 Qc7 46. f4 Bc8 47. Bd3
g6 48. Qd4 Qa5 49. Qe3 Qa2+ 50. Qe2 Qa1 51. Qe7+ Qg7 52. Qxg7+ Kxg7 53. Ke3 Kf6
54. Kd4 Ke7 55. Ke5 g5 56. Bxf5 Bb7 57. fxg5 hxg5 58. c5 Kd8 59. h4 gxh4 60.
gxh4 Ke7 61. c6 Ba6 62. d6+ Kd8 63. h5 Ke8 64. h6 Kf8 65. d7 Kf7 66. d8=Q Bb5
67. Qf6+ Kg8 68. h7# 1-0

[Event "Est ch 2020 G16"]
[Site "Narva"]
[Date "2020.03.01"]
[Round "8.1"]
[White "Barkasheva, Sofia"]
[Black "Rudnik, Viktoria"]
[Result "1/2-1/2"]
[WhiteElo "1422"]
[BlackElo "1456"]
[PlyCount "37"]
[EventDate "2020.02.27"]
[EventCountry "EST"]
[SourceVersionDate "2020.03.19"]

1. e4 d6 2. d4 Nf6 3. Nc3 e5 4. dxe5 dxe5 5. Qxd8+ Kxd8 6. Bg5 Nbd7 7. O-O-O
Ke8 8. Nf3 Bd6 9. h3 a6 10. Bd3 b6 11. Rhe1 Bb7 12. Nh4 g6 13. Bc4 h6 14. Bxf6
Nxf6 15. Nd5 Nxd5 16. exd5 Kf8 17. Nf3 f6 18. g4 Kg7 19. Re2 1/2-1/2

[Event "Est ch 2020 G16"]
[Site "Narva"]
[Date "2020.03.01"]
[Round "8.2"]
[White "Blohhin, Sofia"]
[Black "Levchenko, Marina"]
[Result "1/2-1/2"]
[WhiteElo "1824"]
[BlackElo "1360"]
[PlyCount "72"]
[EventDate "2020.02.27"]
[EventCountry "EST"]
[SourceVersionDate "2020.03.19"]

1. e4 c5 2. Nf3 d6 3. d4 cxd4 4. Nxd4 Nf6 5. Nc3 a6 6. Be2 e6 7. O-O b5 8. a3
Bb7 9. f3 Qc7 10. Re1 Nc6 11. Be3 Rd8 12. Nxc6 Qxc6 13. Bd3 Be7 14. Qe2 O-O 15.
Rad1 Qc7 16. Qf2 Qc8 17. Bb6 Rde8 18. Bd4 e5 19. Be3 Nd7 20. Bf1 Nc5 21. Bxc5
dxc5 22. Nd5 c4 23. Kh1 Bxd5 24. Rxd5 Bf6 25. a4 Qb7 26. axb5 axb5 27. b3 Rc8
28. Rb1 Qc6 29. bxc4 bxc4 30. h3 Rfd8 31. Rxd8+ Bxd8 32. Rb4 c3 33. Rc4 Qe6 34.
Rxc8 Qxc8 35. Bd3 f6 36. Qa7 h6 1/2-1/2

[Event "Est ch 2020 G16"]
[Site "Narva"]
[Date "2020.03.01"]
[Round "8.3"]
[White "Poluektova, Arina"]
[Black "Smirnova, Jekaterina"]
[Result "1/2-1/2"]
[WhiteElo "1224"]
[BlackElo "1439"]
[PlyCount "83"]
[EventDate "2020.02.27"]
[EventCountry "EST"]
[SourceVersionDate "2020.03.19"]

1. e4 c5 2. Nf3 e6 3. d4 cxd4 4. Nxd4 a6 5. Nc3 Nc6 6. Nf3 d6 7. Bc4 Nf6 8. Bg5
Be7 9. O-O O-O 10. Re1 h6 11. Bf4 e5 12. Bg3 Bg4 13. h3 Bd7 14. Bh4 Na5 15. Bb3
Nxb3 16. cxb3 Bc6 17. Bxf6 Bxf6 18. Qd2 Qd7 19. Rad1 Rfd8 20. Nd5 Bxd5 21. Qxd5
Rac8 22. b4 Rc2 23. Rd2 Rxd2 24. Nxd2 Qc6 25. Nb3 Qa4 26. a3 Qc6 27. Rc1 Qxd5
28. exd5 e4 29. Rc2 Rd7 30. Kf1 Kh7 31. Ke1 Kg6 32. Kd1 Bd8 33. Nd2 f5 34. Nc4
Kf6 35. Ke2 Rc7 36. Kd2 Rd7 37. Ke2 g5 38. g4 Rc7 39. Kd2 Rd7 40. Ke2 Rc7 41.
Kd2 Rd7 42. Ke2 1/2-1/2

[Event "Est ch 2020 G16"]
[Site "Narva"]
[Date "2020.03.01"]
[Round "8.4"]
[White "Grigorjeva, Vera"]
[Black "Rogaten, Varvara"]
[Result "0-1"]
[WhiteElo "1000"]
[BlackElo "1439"]
[PlyCount "110"]
[EventDate "2020.02.27"]
[EventCountry "EST"]
[SourceVersionDate "2020.03.19"]

1. e4 e5 2. Nf3 Nc6 3. d4 exd4 4. Nxd4 Bc5 5. Be3 Qf6 6. c3 Nge7 7. Nd2 O-O 8.
Be2 Bb6 9. O-O Nxd4 10. cxd4 Bxd4 11. Bxd4 Qxd4 12. b3 d6 13. Qc2 Nc6 14. Nc4
Qf6 15. f3 Bd7 16. Qd3 Qd4+ 17. Qe3 Qxe3+ 18. Nxe3 Nd4 19. Bd3 c5 20. f4 Rfe8
21. Nc4 Bb5 22. Rfe1 Bxc4 23. Bxc4 Nc2 24. Rac1 Nxe1 25. Rxe1 Rab8 26. e5 dxe5
27. fxe5 Rbd8 28. Rf1 Re7 29. Re1 Rde8 30. Bb5 Rxe5 31. Rd1 Re1+ 32. Rxe1 Rxe1+
33. Kf2 Re6 34. Be2 Rd6 35. a4 g5 36. Bf3 b6 37. h3 Rd3 38. Be2 Rxb3 39. Bd1 c4
40. Ke2 Rb2+ 41. Ke3 Rxg2 42. Kd4 Rd2+ 43. Kxc4 Rxd1 44. Kb5 f5 45. Ka6 Rd7 46.
a5 bxa5 47. Kxa5 f4 48. Kb5 f3 49. Kc6 Rd1 50. Kb7 f2 51. Kxa7 f1=Q 52. Kb6
Qf2+ 53. Kb5 Qc2 54. Kb4 Rb1+ 55. Ka3 Qb3# 0-1

[Event "Est ch 2020 G16"]
[Site "Narva"]
[Date "2020.03.01"]
[Round "8.5"]
[White "Rubina, Mari"]
[Black "Nikitina, Anastasia"]
[Result "1-0"]
[WhiteElo "1292"]
[BlackElo "1000"]
[PlyCount "107"]
[EventDate "2020.02.27"]
[EventCountry "EST"]
[SourceVersionDate "2020.03.19"]

1. d4 d5 2. Bf4 Bf5 3. e3 e6 4. c3 Nf6 5. Nf3 Be7 6. Bd3 Bxd3 7. Qxd3 O-O 8.
Nbd2 Bd6 9. Bg3 Bxg3 10. hxg3 Nbd7 11. Ne5 Qe7 12. g4 g6 13. g5 Ne8 14. Ndf3 c5
15. Ng4 c4 16. Qc2 b5 17. a3 a6 18. Kd2 h5 19. gxh6 Kh7 20. Rae1 Ndf6 21. Ng5+
Kh8 22. Ne5 Nd6 23. Qxg6 (23. Ngxf7+ Rxf7 24. Nxg6+ Kg8 25. Nxe7+) 23... fxg6 (
23... Nfe4+ 24. Kc1 (24. Nxe4 Nxe4+ 25. Kc2 fxg6 26. Nxg6+ Kh7 27. Nxe7 Rxf2+
28. Kc1) 24... Qxg5) 24. Nxg6+ Kg8 25. Nxe7+ Kh8 26. Ng6+ Kg8 27. Nxf8 Rxf8 28.
Nxe6 Nfe4+ 29. Kc1 Rxf2 30. h7+ Kh8 31. Ref1 Nf7 32. Rxf2 Nxf2 33. Rf1 Nd3+ 34.
Kc2 Kxh7 35. Rxf7+ Kg6 36. Ra7 Ne1+ 37. Kd2 Nxg2 38. Nf4+ Nxf4 39. exf4 Kf5 40.
Rxa6 Kxf4 41. Rb6 Kf3 42. Rxb5 Ke4 43. a4 Kf5 44. Rxd5+ Ke6 45. Re5+ Kd6 46. a5
Kc7 47. Rc5+ Kb7 48. d5 Kb8 49. d6 Kb7 50. d7 Kb8 51. d8=Q+ Kb7 52. Qc7+ Ka8
53. Qd7 Kb8 54. Rc8# 1-0